000 00272nam a22001217a 4500
008 180118b xxu||||| |||| 00| 0 eng d
041 _aeng
080 _a94
100 _a16
101 _aHIS
245 _aTHE INTERNATIONAL HISTORY REVIEW
_cEDWARD.I
942 _2udc
_cBK
999 _c40438
_d40438